000 00883nam0a22002771 4500
001 rc\3498063
005 20250721121301.0
021 _aRU
_b[73-58204]
035 _a(NLR Aleph) 007651781
090 _a6236673
_c6236673
100 _a20130115d1973 |||y0rusy50 ca
101 0 _arus
102 _aRU
105 _aa z |||||
200 1 _aСтроительство: ритм, сроки, качество
210 _aСвердловск
_cСред.-Урал. кн. изд-во
_d1973
215 _a83 с.
_cил.
_d20
606 _aСтроительные работы
_2psbo
700 1 _aБашилов
_bС.В.
_f1923-2005
_gСергей Васильевич
_4070
701 1 _aРедин
_bН.С.
_gНиколай Сергеевич
801 0 _aRU
_bNLR
_gpsbo
801 1 _aRU
_bELAR
_2rusmarc
852 _aNLR
_j73-4/21164
942 _cBOOK
980 _aNB